| 000 | 00374nam a2200145Ia 4500 | ||
|---|---|---|---|
| 005 | 20251222175925.0 | ||
| 008 | 251222s9999||||xx |||||||||||||| ||spa|| | ||
| 020 | _a8492242221 | ||
| 082 | _a338.985/V48 | ||
| 100 | _aVereda de Abril, Antonio | ||
| 245 | 0 | _aEmprendedores, Microempresas y Microcréditos: | |
| 250 | _a1ra.ed. | ||
| 264 | _bMetrocolors, S.A. | ||
| 942 | _cLIB | ||
| 999 |
_c40805 _d40805 |
||